Statistics for Koenigsegg Car Models Worldwide 2022-23

Click here to take the quiz!

General Stats

  • This quiz has been taken 331 times
    (139 since last reset)
  • The average score is 4 of 5

Answer Stats

HintAnswer% Correct
HypercarJesko
87%
HypercarJesko Absolut
87%
HypercarRegera
80%
Grand TourerGemera
77%
HypercarCC850
37%

Score Distribution

Percentile by Number Answered

Percent of People with Each Score

Your Score History

You have not taken this quiz since the last reset